Transpozícia smernice o znižovaní vplyvu určitých plastových výrobkov na životné prostredie

Ciele smernice Európskeho parlamentu a Rady EÚ z roku 2019. Znižovanie vplyvu určitých plastových výrobkov na životné prostredie, ciele trvalo udržateľného rozvoja. Zákaz uvádzania jednorazových výrobkov z plastu a obalov a neobalových výrobkov z oxo-degradovateľných plastov na trh SR. Požiadavky na...

ver descrição completa

Na minha lista:
Detalhes bibliográficos
Autor principal: Trošanová, Mária
Formato: Capítulo de Livro
Idioma:eslovaco
Assuntos:
Tags: Adicionar Tag
Sem tags, seja o primeiro a adicionar uma tag!

MARC

LEADER 00000naa a2200000 4500
001 0273742
005 20210518142216.6
041 0 |a slo 
044 |a SK 
245 1 0 |a Transpozícia smernice o znižovaní vplyvu určitých plastových výrobkov na životné prostredie  |c Mária Trošanová 
520 |a Ciele smernice Európskeho parlamentu a Rady EÚ z roku 2019. Znižovanie vplyvu určitých plastových výrobkov na životné prostredie, ciele trvalo udržateľného rozvoja. Zákaz uvádzania jednorazových výrobkov z plastu a obalov a neobalových výrobkov z oxo-degradovateľných plastov na trh SR. Požiadavky na výrobok. Rozšírená zodpovednosť výrobcu. 
610 2 0 |a rozvoj trvalo udržateľný 
610 2 0 |a smernice 
610 2 0 |a obaly 
610 2 0 |a plasty 
610 2 0 |a výrobky 
610 2 0 |a výrobcovia 
610 2 0 |a požiadavky na výrobky 
610 2 0 |a prostredie životné 
100 1 |a Trošanová, Mária